Economics: an introductory program. (Record no. 31)

MARC details
000 -LEADER
fixed length control field 00988nam a22001457a 4500
008 - FIXED-LENGTH DATA ELEMENTS--GENERAL INFORMATION
fixed length control field 110823t xxu||||| |||| 00| 0 eng d
050 ## - LIBRARY OF CONGRESS CALL NUMBER
Classification number HB171.5 .F696
100 ## - MAIN ENTRY--PERSONAL NAME
Personal name Foster, Edward
Fuller form of name Edward Foster
245 ## - TITLE STATEMENT
Title Economics: an introductory program.
Statement of responsibility, etc. Edward Foster
260 ## - PUBLICATION, DISTRIBUTION, ETC.
Place of publication, distribution, etc. New York
Name of publisher, distributor, etc. McGraw-Hill
Date of publication, distribution, etc. [1970]
300 ## - PHYSICAL DESCRIPTION
Extent xv, 379 p.
Dimensions 26 cm
505 ## - FORMATTED CONTENTS NOTE
Formatted contents note Contents: Fundamentals: The Fundamental economic problems of scarcity -- The Wealth of nationas and the role of markets -- Supply and demand -- National income statistics -- The Theory of Income determination -- The Multiplier and fiscal policy -- The Banking system and the money supply -- The Federal reserve system and monetary policy -- Microeconomics: Supply and demand revisited -- The Theory of demand -- Competitive supply cost -- Supply under imperfect competition -- Production and factor markets -- The Market system and resource alllocation -- Glossary
650 ## - SUBJECT ADDED ENTRY--TOPICAL TERM
Topical term or geographic name entry element Economics
General subdivision Programmed instruction
942 ## - ADDED ENTRY ELEMENTS (KOHA)
Source of classification or shelving scheme Library of Congress Classification
Koha item type Books
Holdings
Withdrawn status Lost status Source of classification or shelving scheme Damaged status Not for loan Home library Current library Shelving location Date acquired Total Checkouts Full call number Barcode Date last seen Price effective from Koha item type
    Library of Congress Classification     WISCONSIN INTERNATIONAL UNIVERSITY COLLEGE, GHANA - MAIN LIBRARY WISCONSIN INTERNATIONAL UNIVERSITY COLLEGE, GHANA - MAIN LIBRARY General Stacks 23/08/2011   HB171.5 .F696 062/11 23/08/2011 23/08/2011 Books

If you have any concerns or questions; kindly contact the library


© Powered by WIUC ICT DIRECTORATE